[Event "Tourn. n8809"]
[Site "www.chess-mail.com"]
[Date "2016.07.03"]
[Round "1"]
[White "Tartan"]
[Black "Yangqi"]
[WhiteElo "2330"]
[BlackElo "2650"]
[Result "0-1"]
[Round "1"]
1.d4 Ng8f6
2.c4 g6
3.Nb1c3 d5
4.cxd5 Nf6xd5
5.e4 Nd5xc3
6.bxc3 Bf8g7
7.Bf1c4 c5
8.Ng1e2 Nb8c6
9.Bc1e3 O-O
10.Ra1c1 cxd4
11.cxd4 Qd8a5
12.Qd1d2 Qa5xd2
13.Kxd2 Rf8d8
14.Bc4d5 Bc8d7
15.Rc1b1 e6
16.Bd5xc6 Bd7xc6
17.f3 f5
{ resign }
0-1

[Event "Tourn. n8824"]
[Site "www.chess-mail.com"]
[Date "2016.07.03"]
[Round "1"]
[White "Jhzes"]
[Black "Bojan"]
[WhiteElo "1830"]
[BlackElo "1990"]
[Result "0-1"]
[Round "1"]
1.e4 e5
2.Ng1f3 Nb8c6
3.Bf1b5 Qd8f6
4.O-O Bf8d6
5.d3 h6
6.b3 a6
7.Bb5xc6 dxc6
8.Bc1b2 Bc8g4
9.Nb1d2 Qf6g6
10.h3 Bg4xh3
11.Nf3h4 Qg6g4
12.Qd1xg4 Bh3xg4
13.c4 Bg4e2
14.Rf1e1 Be2xd3
15.Nh4f5 Kf8
16.Nd2f3 f6
17.Nf3h4 Kf7
18.Re1e3 Bd3xc4
19.bxc4 Bd6c5
20.Re3g3 g5
21.Nh4f3 Ra8d8
22.a4 Ng8e7
23.Nf5xe7 Kxe7
24.Nf3xe5 fxe5
25.Bb2xe5 Rh8f8
26.Be5g7 Bc5xf2
27.Kh1 Bf2xg3
28.Bg7xf8 Rd8xf8
29.Ra1b1 Rf8f4
30.Kg1 Rf4xe4
31.Rb1c1 Kd6
32.Kf1 Kc5
{ resign }
0-1

[Event "Match"]
[Site "www.echecsemail.com"]
[Date "2016.07.03"]
[Round "1"]
[White "Knightjumper"]
[Black "Hundegana"]
[WhiteElo "1630"]
[BlackElo "2050"]
[Result "0-1"]
[Round "1"]
1.e4 c5
2.Ng1f3 d6
3.d4 Qd8c7
4.dxc5 Qc7xc5
5.Nb1c3 Ng8f6
6.Bc1e3 Qc5b4
7.Qd1d2 Nf6xe4
8.Nc3xe4 Qb4xe4
9.Bf1d3 Qe4g4
10.O-O-O Qg4xg2
11.Rh1g1 { time. }
0-1

[Event "Match"]
[Site "www.echecsemail.com"]
[Date "2016.07.03"]
[Round "1"]
[White "Llord"]
[Black "Darknight"]
[WhiteElo "1820"]
[BlackElo "1710"]
[Result "1-0"]
[Round "1"]
1.e4 e5
2.Ng1f3 d6
3.Bf1c4 h6
4.O-O Bc8g4
5.d3 Nb8d7
6.Bc1e3 Ng8f6
7.Nb1d2 Qd8e7
8.h3 Bg4e6
9.Bc4xe6 fxe6
10.Nf3h4 Qe7f7
11.Nd2c4 b6
12.b4 Bf8e7
13.Nh4f3 O-O-O
14.a4 a6
15.b5 a5
16.Nf3h2 Rd8g8
17.f4 g5
18.fxe5 dxe5
19.Nh2g4 h5
20.Ng4xf6 Be7xf6
21.Ra1a3 h4
22.Ra3c3 Rg8g6
23.Nc4d6 Kb8
24.Nd6xf7 Rh8f8
25.Nf7xg5 Bf6xg5
26.Be3xg5 Rg6xg5
27.Rf1xf8 Nd7xf8
28.d4 Nf8d7
29.dxe5 Kc8
30.Rc3d3 Nd7xe5
31.Rd3d8 Kb7
32.Rd8e8 Ne5f7
33.Re8xe6 Nf7d6
34.e5 Nd6f5
35.Qd1d5 Ka7
36.Re6e8 { resign }
1-0

[Event "Match"]
[Site "www.echecsemail.com"]
[Date "2016.07.03"]
[Round "1"]
[White "Krystek23"]
[Black "Knightjumper"]
[WhiteElo "2310"]
[BlackElo "1630"]
[Result "1-0"]
[Round "1"]
1.c4 f5
2.Nb1c3 Ng8f6
3.g3 e6
4.Bf1g2 d5
5.cxd5 exd5
6.d4 c6
7.Qd1c2 Bf8b4
8.Bc1d2 O-O
9.Bd2g5 h6
10.Bg5d2 Bb4xc3
11.bxc3 Nf6e4
{ time. }
1-0

[Event "Match"]
[Site "www.echecsemail.com"]
[Date "2016.07.03"]
[Round "1"]
[White "Krystek23"]
[Black "Pimpampum"]
[WhiteElo "2280"]
[BlackElo "2180"]
[Result "1-0"]
[Round "1"]
1.c4 e5
2.Nb1c3 Bf8c5
3.Ng1f3 d6
4.e3 Nb8c6
5.d3 f5
6.a3 a5
7.d4 Bc5b6
8.dxe5 Nc6xe5
9.Nf3xe5 dxe5
10.Qd1xd8 Kxd8
11.Nc3a4 Bb6a7
12.c5 Bc8d7
13.b3 Ng8f6
14.Bc1b2 Rh8e8
15.Ra1d1 Kc8
16.Bf1d3 e4
17.Bd3e2 Bd7xa4
18.bxa4 Ba7xc5
19.h3 c6
20.g4 fxg4
21.hxg4 Re8h8
22.g5 Nf6d5
23.Bb2xg7 Rh8g8
24.Rh1xh7 Kd7
25.Bg7f8 { resign }
1-0

[Event "Match"]
[Site "www.echecsemail.com"]
[Date "2016.07.03"]
[Round "1"]
[White "Liencam2"]
[Black "Knightjumper"]
[WhiteElo "2300"]
[BlackElo "1630"]
[Result "1-0"]
[Round "1"]
1.e4 e5
2.Ng1f3 Ng8f6
3.d4 Nf6xe4
4.Bf1d3 d5
5.Nf3xe5 Bf8d6
6.O-O O-O
7.c4 Bd6xe5
8.dxe5 Ne4c5
9.cxd5 Nc5xd3
{ time. }
1-0

[Event "Match"]
[Site "www.echecsemail.com"]
[Date "2016.07.03"]
[Round "1"]
[White "Kampungboy"]
[Black "Whitekknight"]
[WhiteElo "1499"]
[BlackElo "1920"]
[Result "1-0"]
[Round "1"]
1.e4 e5
2.f4 Nb8c6
3.Ng1f3 d6
4.Bf1b5 Ng8e7
5.O-O Bc8d7
6.fxe5 dxe5
7.Nf3g5 f6
8.Bb5c4 Ne7g6
9.Ng5f7 Qd8e7
10.Nf7xh8 Qe7c5
11.Kh1 Qc5xc4
12.Nh8xg6 hxg6
13.d3 Qc4e6
14.Nb1c3 O-O-O
15.Bc1e3 Nc6e7
16.b4 Kb8
17.b5 b6
18.a4 Bd7c8
19.a5 f5
20.Be3g5 Rd8d6
21.Qd1b1 Bc8b7
22.axb6 cxb6
23.Qb1a2 Qe6xa2
24.Nc3xa2 Rd6d8
25.Na2b4 Rd8e8
26.Nb4a6 Kc8
27.c4 Kd7
28.c5 Bb7xa6
29.c6 Kc7
30.Ra1xa6 Ne7c8
31.exf5 gxf5
32.Rf1xf5 e4
33.Bg5f4 Bf8d6
34.Rf5f7 Kb8
35.Rf7b7 Ka8
36.Bf4xd6 { resign }
1-0

[Event "Match"]
[Site "www.echecsemail.com"]
[Date "2016.07.03"]
[Round "1"]
[White "Genius9"]
[Black "Iko"]
[WhiteElo "1770"]
[BlackElo "1670"]
[Result "1/2-1/2"]
[Round "1"]
1.e4 e5
2.Ng1f3 Nb8c6
3.Bf1b5 a6
4.Bb5xc6 dxc6
5.d4 c5
6.d5 c6
7.c4 Bc8g4
8.Nb1c3 Qd8f6
9.O-O Bf8d6
10.dxc6 bxc6
11.Qd1d3 Bg4xf3
12.Qd3xf3 Qf6xf3
13.gxf3 O-O-O
14.Bc1e3 Ng8f6
15.Rf1d1 Bd6c7
16.Be3xc5 Nf6d7
17.Bc5e3 Rh8e8
18.Rd1d2 Re8e6
19.Kh1 Bc7a5
20.Ra1d1 Nd7f6
21.Rd2xd8 Ba5xd8
22.Kg1 Nf6h5
23.Kf1 Re6f6
24.Ke2 Nh5f4
25.Be3xf4 Rf6xf4
26.Ke3 Bd8g5
27.Ke2 Rf4h4
28.Rd1g1 h6
29.Rg1g4 { draw }
1/2-1/2

[Event "Match"]
[Site "www.echecsemail.com"]
[Date "2016.07.03"]
[Round "1"]
[White "Knightjumper"]
[Black "Libiesse"]
[WhiteElo "1630"]
[BlackElo "2030"]
[Result "0-1"]
[Round "1"]
1.e4 c5
2.Ng1f3 e6
3.d4 cxd4
4.Nf3xd4 Ng8f6
5.Nb1c3 Nb8c6
6.Nd4xc6 dxc6
7.Qd1xd8 Kxd8
8.Bc1g5 Bf8e7
9.O-O-O Ke8
10.f3 Bc8d7
11.Bg5xf6 { time. }
0-1

[Event "Match"]
[Site "www.echecsemail.com"]
[Date "2016.07.03"]
[Round "1"]
[White "Chtoubidou"]
[Black "Knightjumper"]
[WhiteElo "1910"]
[BlackElo "1630"]
[Result "1-0"]
[Round "1"]
1.e4 d6
2.d4 Ng8f6
3.Nb1c3 g6
4.Bf1c4 Bf8g7
5.Ng1f3 O-O
6.O-O Nf6xe4
7.Nc3xe4 d5
8.Bc4xd5 Qd8xd5
9.Rf1e1 e6
10.c3 Qd5d8
{ time. }
1-0

[Event "1/32 Finale"]
[Site "www.chess-mail.com"]
[Date "2016.07.03"]
[Round "1"]
[White "Mrfunk"]
[Black "Nimzo"]
[WhiteElo "2430"]
[BlackElo "2850"]
[Result "0-1"]
[Round "1"]
1.e4 e6
2.d4 d5
3.Nb1c3 Ng8f6
4.Bc1g5 dxe4
5.Nc3xe4 Bf8e7
6.Bg5xf6 gxf6
7.Ng1f3 f5
8.Ne4c3 a6
9.Qd1e2 b5
10.O-O-O b4
11.Nc3a4 Qd8d5
12.c4 Qd5a5
13.b3 Bc8d7
14.Qe2c2 Bd7xa4
15.bxa4 Be7f6
16.Bf1d3 Nb8c6
17.d5 b3
18.axb3 Nc6b4
19.Qc2e2 O-O
20.Rh1e1 Ra8b8
21.dxe6 Rf8e8
22.Bd3b1 Re8xe6
23.Qe2d2 Bf6c3
24.Qd2g5 Re6g6
25.Qg5e3 Nb4c6
26.Rd1d5 Qa5b4
27.Nf3d2 Qb4a3
28.Kd1 Qa3a1
29.Qe3f4 Nc6d4
 { time }
0-1

[Event "1/64 Finale"]
[Site "www.chess-mail.com"]
[Date "2016.07.03"]
[Round "1"]
[White "Piekki"]
[Black "Vega"]
[WhiteElo "2290"]
[BlackElo "2540"]
[Result "0-1"]
[Round "1"]
1.e4 e5
2.Ng1f3 Nb8c6
3.Bf1b5 a6
4.Bb5a4 Ng8f6
5.Qd1e2 b5
6.Ba4b3 Bc8b7
7.c3 Bf8c5
8.O-O h6
9.h3 O-O
10.Rf1d1 Rf8e8
11.d3 d5
12.Nb1d2 Bc5b6
13.Nd2f1 Nc6a5
14.Bb3c2 Qd8e7
15.Nf1g3 Ra8d8
16.Bc1e3 Bb6xe3
17.Qe2xe3 dxe4
18.dxe4 Na5c4
19.Qe3e2 Nc4xb2
20.Ng3f5 Rd8xd1
21.Ra1xd1 Qe7a3
22.Bc2b3 Nb2xd1
{ resign }
0-1

[Event "1/8 Finale"]
[Site "www.chess-mail.com"]
[Date "2016.07.03"]
[Round "1"]
[White "Mrfunk"]
[Black "Buchauer"]
[WhiteElo "2550"]
[BlackElo "2690"]
[Result "0-1"]
[Round "1"]
1.e4 c5
2.Ng1f3 d6
3.d4 cxd4
4.Nf3xd4 Ng8f6
5.Nb1c3 a6
6.Bc1e3 e5
7.Nd4b3 Bc8e6
8.f3 h5
9.Nc3d5 Be6xd5
10.exd5 Nb8d7
11.Qd1d2 g6
12.Bf1e2 Bf8g7
13.O-O O-O
 { time }
0-1

[Event "Tourn. n8786"]
[Site "www.chess-mail.com"]
[Date "2016.07.04"]
[Round "1"]
[White "Mrfunk"]
[Black "Yangqi"]
[WhiteElo "2550"]
[BlackElo "2660"]
[Result "0-1"]
[Round "1"]
1.e4 d6
2.d4 Ng8f6
3.Nb1c3 e5
4.Ng1f3 Nb8d7
5.Bf1c4 Bf8e7
6.O-O O-O
7.a4 c6
8.Rf1e1 b6
9.Bc1g5 a6
10.Bc4a2 Bc8b7
11.dxe5 Nd7xe5
12.Nf3d4 h6
13.Bg5h4 Rf8e8
14.Nd4f5 Be7f8
15.Qd1d2 Bb7c8
16.Qd2f4 Ne5g6
17.Nf5xh6 Kh7
18.Bh4xf6 gxf6
19.Qf4g3 Bf8xh6
20.Ba2xf7 Ng6e5
21.Bf7xe8 Qd8xe8
22.f4 Ne5g6
 { time }
0-1

[Event "Tourn. n8749"]
[Site "www.chess-mail.com"]
[Date "2016.07.04"]
[Round "1"]
[White "Darko10"]
[Black "Mrfunk"]
[WhiteElo "2560"]
[BlackElo "2510"]
[Result "1-0"]
[Round "1"]
1.e4 c5
2.Ng1f3 d6
3.d4 cxd4
4.Nf3xd4 Ng8f6
5.Nb1c3 a6
6.Bc1e3 Nf6g4
7.Be3g5 h6
8.Bg5h4 g5
9.Bh4g3 Bf8g7
10.h3 Ng4e5
11.Qd1d2 Nb8c6
12.O-O-O Nc6xd4
13.Qd2xd4 Qd8a5
14.Kb1 Bc8e6
15.Nc3d5 Be6xd5
16.Qd4xd5 Qa5xd5
17.exd5 h5
18.h4 g4
19.Rd1d4 Ne5d7
20.Rd4b4 b5
21.Bf1e2 Nd7b6
22.Rh1d1 Ra8b8
23.Bg3f4 Kd7
24.Bf4e3 Nb6c4
25.Be3a7 Rb8a8
26.Ba7d4 Bg7xd4
27.Rd1xd4 Nc4b6
28.c4 Rh8c8
29.b3 Ra8b8
30.Rd4f4 bxc4
31.Rf4f5 a5
32.Rb4b5  { time }
1-0

[Event "Tourn. n8846"]
[Site "www.chess-mail.com"]
[Date "2016.07.04"]
[Round "1"]
[White "Frisker"]
[Black "Pwain"]
[WhiteElo "2149"]
[BlackElo "2200"]
[Result "1-0"]
[Round "1"]
1.d4 c5
2.d5 Ng8f6
3.c4 b5
4.cxb5 a6
5.b6 e6
6.Nb1c3 Nf6xd5
7.Nc3xd5 exd5
8.Qd1xd5 Nb8c6
9.e4 Bf8e7
10.Ng1f3 O-O
11.Bf1c4 Qd8xb6
12.O-O Bc8b7
13.Qd5h5 Nc6b4
14.Nf3e5 g6
15.Qh5f3 d5
16.exd5 Ra8d8
17.Bc1h6 { resign }
1-0

[Event "Tourn. n8817"]
[Site "www.chess-mail.com"]
[Date "2016.07.04"]
[Round "1"]
[White "Bojan"]
[Black "Jhzes"]
[WhiteElo "1940"]
[BlackElo "1840"]
[Result "1-0"]
[Round "1"]
1.c4 e5
2.a3 Bf8c5
3.e3 f5
4.Qd1h5 g6
5.Qh5d1 c6
6.b4 Bc5e7
7.Bc1b2 d6
8.d4 e4
9.Qd1c2 d5
10.Nb1d2 dxc4
11.Bf1xc4 b5
12.Bc4b3 Bc8b7
13.Ng1e2 Ng8f6
14.Bb2c3 Nf6d5
15.Bc3b2 Nb8d7
16.O-O-O Be7xb4
17.axb4 Nd5xb4
18.Qc2b1 Nb4d3
19.Kc2 Nd3xf2
20.Qb1a2 Nf2xh1
21.Bb3f7 Ke7
22.Rd1xh1 Rh8f8
23.Bf7b3 a5
24.Bb2a3 b4
25.Ba3b2 Bb7a6
26.Nd2c4 Ba6xc4
27.Bb3xc4 Nd7b6
28.Bc4e6 a4
29.Kd2 Qd8d6
30.Ne2f4 b3
31.Qa2a3 Rf8d8
32.Rh1c1 Ra8a6
33.Rc1a1 c5
34.Bb2c3 Rd8b8
35.Ke2 cxd4
36.Bc3b4 d3
37.Kd1 Qd6xb4
38.Qa3xb4 Kf6
39.Qb4d4 Kg5
40.Nf4h3 Kh4
41.Qd4e5 Kh5
42.Qe5f4 h6
43.g4 Kh4
44.Qf4g3 { resign }
1-0

[Event "Tourn. n8775"]
[Site "www.chess-mail.com"]
[Date "2016.07.04"]
[Round "1"]
[White "Cal"]
[Black "Azulmarino"]
[WhiteElo "1520"]
[BlackElo "1460"]
[Result "1-0"]
[Round "1"]
1.d4 d5
2.e3 Nb8c6
3.h3 e6
4.a3 Bf8d6
5.Bf1b5 Bc8d7
6.Ng1f3 h6
7.Nb1c3 Ng8f6
8.Bb5a4 O-O
9.Bc1d2 Nc6e7
10.Ba4b3 Ne7f5
11.O-O Nf6e4
12.Nc3e2 g5
13.c4 h5
14.cxd5 g4
15.hxg4 Nf5h4
16.Nf3h2 Bd6xh2
17.Kxh2 exd5
18.Bd2b4 Bd7xg4
19.f3 Nh4xf3
20.gxf3 Qd8h4
21.Kg1 Bg4xf3
22.Rf1xf3 Qh4g4
23.Ne2g3 Ne4xg3
24.Bb4e1 Ng3e2
25.Kf2 Ne2g1
26.Rf3g3 Ng1h3
27.Kg2 Rf8e8
28.Rg3xg4 hxg4
29.Qd1xg4 Kf8
30.Qg4xh3 Ra8d8
31.Qh3h6 Ke7
32.Be1h4 Kd7
33.Bb3xd5 Kc8
34.Bh4xd8 Re8xd8
35.Bd5xf7 c6
36.Bf7e6 Kc7
37.Qh6f4 Kb6
38.a4 a5
39.d5 cxd5
40.Qf4d4 Kc7
41.Ra1c1 { resign }
1-0

[Event "Tourn. n8656"]
[Site "www.chess-mail.com"]
[Date "2016.07.04"]
[Round "1"]
[White "Greghghs"]
[Black "Numanoid"]
[WhiteElo "2310"]
[BlackElo "2470"]
[Result "0-1"]
[Round "1"]
1.b3 e5
2.Bc1b2 Nb8c6
3.c4 Ng8f6
4.e3 d5
5.cxd5 Nf6xd5
6.a3 Bc8e6
7.d3 Qd8d7
8.Ng1f3 f6
9.Nb1d2 g5
10.Nd2e4 g4
11.Nf3d2 f5
12.Ne4c3 O-O-O
13.Ra1c1 f4
14.Nc3xd5 Be6xd5
15.e4 Bd5e6
16.b4 Nc6d4
17.Bb2xd4 Qd7xd4
18.Bf1e2 Rh8g8
19.Qd1c2 Qd4d7
20.Nd2c4 Bf8g7
21.b5 Kb8
22.Qc2b2 Qd7d4
23.Qb2xd4 Rd8xd4
24.h3 f3
25.gxf3 gxf3
26.Be2xf3 Rd4xd3
27.Ke2 Rg8d8
28.a4 Bg7h6
29.Nc4xe5 Rd3d2
30.Ke1 Rd2a2
31.Rc1d1 Bh6d2
32.Kf1 Ra2xa4
33.h4 Ra4d4
34.Ke2 Bd2f4
35.Rd1xd4 Rd8xd4
36.Ne5d3 Be6c4
37.Rh1d1 Bc4xb5
{ resign }
0-1

[Event "Tourn. n8735"]
[Site "www.chess-mail.com"]
[Date "2016.07.04"]
[Round "1"]
[White "Seger"]
[Black "Senitram"]
[WhiteElo "2740"]
[BlackElo "2700"]
[Result "1/2-1/2"]
[Round "1"]
1.e4 c5
2.Ng1f3 d6
3.Nb1c3 Nb8c6
4.d4 cxd4
5.Nf3xd4 Ng8f6
6.Bc1g5 a6
7.f4 Qd8b6
8.Nd4b3 Bc8e6
9.Bg5xf6 gxf6
10.Nc3d5 Qb6d8
11.Qd1d3 Ra8c8
12.O-O-O Nc6a5
13.Nb3d4 Be6d7
14.Kb1 e6
15.Nd5e3 Bf8h6
16.g3 b5
17.c3 Bh6g7
18.Nd4c2 Rc8c6
19.Bf1h3 Na5b7
20.Rh1f1 Rc6b6
21.f5 O-O
22.Qd3e2 Nb7c5
23.Rf1f4 Bg7h6
24.Rf4h4 Bh6g5
25.Rh4h5 a5
26.Bh3g2 b4
27.cxb4 axb4
28.h4 b3
29.Nc2a3 bxa2
30.Ka1 Bg5xe3
31.Qe2xe3 Qd8a8
32.Qe3h6 Nc5b3
33.Kxa2 Rf8c8
34.Qh6xh7 Kf8
35.Qh7h6 Ke7
36.e5 Nb3c1
{ draw }
1/2-1/2

[Event "Tourn. n8801"]
[Site "www.chess-mail.com"]
[Date "2016.07.04"]
[Round "1"]
[White "Libiesse"]
[Black "Jhzes"]
[WhiteElo "1980"]
[BlackElo "1960"]
[Result "1-0"]
[Round "1"]
1.d4 Ng8f6
2.c4 d5
3.cxd5 Nf6xd5
4.e4 Nd5b4
5.Qd1a4 Nb8c6
6.Bc1e3 e6
7.a3 Nb4a6
8.Bf1xa6 Bc8d7
9.Ba6b5 a6
10.Bb5d3 Nc6e5
11.Qa4c2 Ne5g4
12.Ng1f3 g6
13.Nb1c3 b5
14.Ra1c1 Ng4xe3
15.fxe3 Bf8e7
16.O-O O-O
17.e5 f6
18.b4 c6
19.Bd3xg6 hxg6
20.Qc2xg6 Kh8
21.Qg6h6 Kg8
22.Qh6g6 Kh8
23.Nf3h4 Bd7e8
24.Qg6h6 Kg8
25.Rf1f3 fxe5
26.Rf3g3 Be7g5
27.Rg3xg5 { resign }
1-0

[Event "Tourn. n8715"]
[Site "www.chess-mail.com"]
[Date "2016.07.04"]
[Round "1"]
[White "Gimmyg"]
[Black "Nimzo"]
[WhiteElo "2510"]
[BlackElo "2850"]
[Result "0-1"]
[Round "1"]
1.c4 Ng8f6
2.d4 e6
3.Ng1f3 d5
4.cxd5 exd5
5.Bc1g5 h6
6.Bg5f4 g5
7.Bf4e3 Bc8f5
8.Nb1c3 c6
9.g3 Nb8d7
10.Bf1g2 Bf8d6
11.O-O Qd8e7
12.Ra1c1 O-O
13.Be3d2 Nf6e4
14.Nc3xe4 Bf5xe4
15.Rf1e1 Ra8e8
16.a3 f5
17.e3 Rf8f7
18.Bd2c3 a6
19.Bg2f1 h5
20.Nf3d2 g4
21.Nd2xe4 fxe4
22.Rc1c2 Re8f8
23.h4 Rf7f3
24.Bf1g2 Rf8f7
25.Bc3a5 Nd7f8
26.Bg2xf3 gxf3
27.Ba5b4 Bd6xb4
28.axb4 Nf8g6
29.Kh2 Ng6xh4
30.Re1g1 Nh4f5
31.Qd1f1 Qe7g5
32.Qf1h3 Rf7g7
33.Rg1a1 h4
34.gxh4 Qg5g2
35.Qh3xg2 Rg7xg2
36.Kh3 Nf5xe3
37.Rc2xc6 bxc6
38.fxe3 Rg2e2
39.Ra1a3 Kf7
40.Ra3c3 Re2xb2
41.Rc3xc6 Rb2b3
42.Rc6xa6 Rb3xe3
{ resign }
0-1

[Event "Tourn. n8827"]
[Site "www.chess-mail.com"]
[Date "2016.07.04"]
[Round "1"]
[White "Wwgia"]
[Black "Louis"]
[WhiteElo "2010"]
[BlackElo "2000"]
[Result "1-0"]
[Round "1"]
1.d4 Ng8f6
2.c4 g6
3.Nb1c3 Bf8g7
4.e4 O-O
5.Ng1f3 d6
6.Bf1e2 Nb8d7
7.O-O e5
8.Rf1e1 c6
9.Be2f1  { time }
1-0

[Event "Tourn. n8841"]
[Site "www.chess-mail.com"]
[Date "2016.07.04"]
[Round "1"]
[White "Frisker"]
[Black "Kampungboy"]
[WhiteElo "2119"]
[BlackElo "2040"]
[Result "0-1"]
[Round "1"]
1.d4 Ng8f6
2.Ng1f3 c5
3.d5 e6
4.c4 exd5
5.cxd5 d6
6.Nb1c3 a6
7.a4 g6
8.h3 Bf8g7
9.e4 O-O
10.Bf1d3 Nb8d7
11.O-O Qd8c7
12.Bc1f4 Rf8e8
13.Ra1c1 c4
14.Bd3b1 Ra8b8
15.Nf3d4 Nf6h5
16.Bf4e3 Nd7c5
17.Rf1e1 Bc8d7
18.b4 Bg7xd4
19.Be3xd4 Nc5b3
20.Rc1c2 Nb3xd4
21.Qd1xd4 b5
22.a5 Qc7d8
23.Rc2e2 Qd8g5
24.Re2e3 Nh5f4
25.Re3g3 Qg5e5
26.Qd4xe5 Re8xe5
27.Rg3e3 Re5g5
28.Re3g3 h6
29.Re1e3 Kg7
30.Kh2 Rb8e8
31.Re3f3 Nf4h5
32.Rg3xg5 hxg5
33.g3 Re8e5
34.Rf3e3 f5
35.Re3e1 Nh5f6
36.f3 fxe4
37.fxe4 g4
38.h4 g5
39.hxg5 Nf6h7
40.Kg2 Nh7xg5
41.Bb1c2 Re5e8
42.Re1f1 Ng5f3
43.Bc2d1 Nf3d4
44.Rf1f2 Nd4b3
45.Rf2f1 Nb3c1
46.Bd1xg4 Bd7xg4
47.Rf1xc1 Kf6
48.Kf2 Ke5
49.Ke3 Re8f8
50.Rc1e1 Rf8f3
51.Kd2 Rf3xg3
52.Kc2 Rg3g2
53.Kb1 Kd4
54.Nc3a2 Rg2d2
{ resign }
0-1

[Event "Tourn. n8840"]
[Site "www.chess-mail.com"]
[Date "2016.07.04"]
[Round "1"]
[White "Goofy"]
[Black "Paaliaq"]
[WhiteElo "2260"]
[BlackElo "2540"]
[Result "0-1"]
[Round "1"]
1.e4 e5
2.Ng1f3 Nb8c6
3.Bf1c4 Ng8f6
4.d3 Bf8c5
5.c3 a6
6.Bc4b3 Bc5a7
7.h3 d6
8.Nb1d2 h6
9.Nd2f1 d5
10.Qd1e2 O-O
11.Nf1g3 Bc8e6
12.O-O Qd8d6
13.Nf3h4 dxe4
14.dxe4 Nc6e7
15.Nh4f5 Ne7xf5
16.Ng3xf5 Be6xf5
17.exf5 e4
18.g4 Qd6g3
19.Kh1 Qg3xh3
20.Kg1 Nf6xg4
{ resign }
0-1

[Event "Tourn. n8844"]
[Site "www.chess-mail.com"]
[Date "2016.07.04"]
[Round "1"]
[White "Pwain"]
[Black "B0zata"]
[WhiteElo "2119"]
[BlackElo "2250"]
[Result "0-1"]
[Round "1"]
1.e4 c5
2.Ng1f3 Nb8c6
3.Bf1b5 d6
4.O-O Bc8d7
5.Rf1e1 a6
6.Bb5xc6 Bd7xc6
7.d4 cxd4
8.Nf3xd4 g6
9.Nd4xc6 bxc6
10.Qd1d4 Ng8f6
11.e5 dxe5
12.Qd4xe5 Bf8g7
13.Nb1c3 e6
14.Qe5c5 Qd8c8
15.Bc1g5 h6
16.Bg5h4 g5
17.Bh4g3 Qc8b7
18.h4 Nf6d5
19.Nc3e4 Bg7f8
20.Qc5d4 Rh8g8
21.c4 Bf8g7
22.Qd4d2 Qb7xb2
23.Qd2xb2 Bg7xb2
24.Ra1b1 f5
25.Rb1xb2 fxe4
26.cxd5 cxd5
27.hxg5 hxg5
28.f3 Kf7
29.fxe4 dxe4
30.Re1xe4 a5
31.Re4a4 Rg8c8
32.Rb2b5 Rc8c1
33.Kf2 Ra8d8
34.Kf3 Rc1c2
35.Ra4a3 Kg6
36.Ra3xa5 Rd8d3
37.Kg4 Rc2c4
38.Kh3 Rc4h4
{ resign }
0-1

[Event "Match"]
[Site "www.echecsemail.com"]
[Date "2016.07.04"]
[Round "1"]
[White "Jhzes"]
[Black "Mdesouza"]
[WhiteElo "1809"]
[BlackElo "2300"]
[Result "0-1"]
[Round "1"]
1.f4 Ng8f6
2.Ng1f3 d5
3.d3 c5
4.b3 Nb8c6
5.e3 Bc8g4
6.h3 Bg4xf3
7.Qd1xf3 e6
8.Bc1b2 Bf8e7
9.g4 O-O
10.g5 Nf6d7
11.Qf3h5 e5
12.Bf1g2 Rf8e8
13.Bg2xd5 exf4
14.Bd5xf7 Kh8
15.g6 Nd7f8
16.Bf7xe8 Qd8xe8
17.O-O Nf8xg6
18.exf4 Be7h4
19.f5 Qe8e3
20.Kh2 Qe3g3
21.Kh1 Qg3xh3
22.Kg1 Bh4f2
23.Rf1xf2 Qh3xh5
24.fxg6 Qh5d1
25.Rf2f1 Qd1g4
26.Kh1 Qg4h5
27.Kg1 Qh5xg6
28.Kf2 Ra8f8
29.Ke1 Qg6e6
30.Kd2 Rf8xf1
31.Nb1c3 Rf1f2
{ resign }
0-1

[Event "Match"]
[Site "www.echecsemail.com"]
[Date "2016.07.04"]
[Round "1"]
[White "Jhzes"]
[Black "Libiesse"]
[WhiteElo "1809"]
[BlackElo "1930"]
[Result "1-0"]
[Round "1"]
1.c4 c5
2.Ng1f3 Ng8f6
3.e3 b6
4.d4 cxd4
5.exd4 e6
6.Nb1c3 Bc8b7
7.Bf1e2 Bf8e7
8.a3 d5
9.Bc1f4 O-O
10.Nc3b5 Nb8a6
11.Nf3e5 dxc4
12.Be2xc4 Nf6d5
13.Qd1f3 Ra8c8
14.Nb5xa7 Nd5xf4
15.Qf3xf4 Rc8a8
16.Na7c6 Bb7xc6
17.Ne5xc6 Qd8d6
18.Nc6xe7 Qd6xe7
19.O-O Rf8c8
20.Bc4xa6 Ra8xa6
21.Rf1c1 Ra6a8
22.Rc1xc8 Ra8xc8
23.b4 h6
24.g3 Rc8d8
25.Ra1c1 Qe7f6
26.Qf4xf6 gxf6
27.Rc1d1 Rd8c8
28.Rd1d3 Kg7
29.f4 b5
30.Kg2 Kg6
31.h4 h5
32.Kh3 Kf5
33.Rd3e3 Rc8c4
34.Re3d3 Ke4
35.Rd3b3 Rc4xd4
36.Rb3c3 Rd4c4
37.Rc3b3 f5
38.Rb3b2 Kd3
39.Rb2a2 Rc4c1
40.a4 bxa4
41.Ra2xa4 Kc4
42.Kg2 Kb5
43.Ra4a7 Kxb4
44.Ra7xf7 Rc1e1
45.Rf7h7 Kc4
46.Rh7xh5 Kd4
47.Kf2 Re1e3
48.Rh5h8 Re3e4
49.h5 e5
50.h6 exf4
51.h7 { resign }
1-0

[Event "Match"]
[Site "www.echecsemail.com"]
[Date "2016.07.04"]
[Round "1"]
[White "Ztornad"]
[Black "Whitekknight"]
[WhiteElo "1770"]
[BlackElo "1940"]
[Result "0-1"]
[Round "1"]
1.Nb1c3 e5
2.Nc3e4 d5
3.Ne4g3 Ng8f6
4.Ng1f3 Nb8c6
5.d4 e4
6.Nf3e5 Nc6xe5
7.dxe5 Nf6d7
8.Bc1f4 Bf8e7
9.Ng3f5 Be7f8
10.Bf4e3 Nd7xe5
11.Nf5d4 Bf8d6
12.g3 c6
13.c3 Ne5c4
14.Be3c1 O-O
15.Bf1g2 Bd6e5
16.b3 Nc4b6
17.O-O Nb6d7
18.Bc1b2 c5
19.Nd4f5 Nd7f6
20.Bg2h3 Kh8
21.e3 g6
22.f4 exf3
23.e4 dxe4
24.Qd1c1 Bc8xf5
25.Bh3xf5 gxf5
26.Rf1d1 Qd8e7
27.Qc1e3 b6
28.Kf1 Nf6g4
29.Qe3g1 e3
30.Qg1h1 e2
31.Ke1 exd1Q
32.Ra1xd1 Be5xc3
33.Kf1 Qe7e2
 { time }
0-1

[Event "Match"]
[Site "www.echecsemail.com"]
[Date "2016.07.04"]
[Round "1"]
[White "Jhzes"]
[Black "Caspito"]
[WhiteElo "1960"]
[BlackElo "1790"]
[Result "0-1"]
[Round "1"]
1.d4 Ng8f6
2.Nb1c3 g6
3.Bc1f4 Bf8g7
4.Nc3b5 O-O
5.Nb5xc7 Nf6e4
6.f3 Ne4d6
7.Nc7xa8 Nb8a6
8.e4 b5
9.Bf4xd6 exd6
10.Bf1xb5 Qd8a5
11.c3 Qa5xb5
12.b4 Bc8b7
13.a4 Qb5c4
14.Qd1d2 Bb7xa8
15.Ng1e2 Na6c7
16.O-O Nc7e8
17.d5 Ne8f6
18.Ne2d4 a6
19.b5 Ba8b7
20.Rf1b1 Qc4c8
21.Rb1c1 Qc8d8
22.Qd2f4 Qd8b6
23.a5 Qb6c5
24.b6 Nf6h5
25.Qf4g4 Rf8d8
26.Kf1 Qc5c4
27.Nd4e2 Bg7e5
28.g3 Nh5f6
29.Qg4g5 Rd8c8
30.Qg5e3 Kg7
31.f4 Nf6g4
32.Qe3g1 Qc4xe4
33.fxe5 Ng4e3
34.Ke1 dxe5
35.Ra1b1 Ne3g2
36.Kf1 Bb7xd5
37.Rb1b4 Qe4f3
38.Qg1f2 Ng2e3
39.Ke1 Qf3h1
40.Kd2 Qh1g2
41.Kxe3 Qg2h3
42.Rb4h4 Qh3e6
43.h3 Bd5b7
44.Kd2 Qe6d5
45.Ke1 Qd5xa5
46.Qf2e3 d6
47.Qe3h6 Kf6
48.Qh6xh7 Qa5xb6
49.Rh4b4 Qb6c6
50.Qh7h4 Kg7
51.Rc1b1 Rc8c7
52.Kd2 Qc6d5
53.Kc2 Qd5g2
54.Kd3 Qg2f3
55.Kd2 e4
56.Qh4d8 e3
57.Kd3 Rc7c5
58.Rb4xb7 Rc5d5
59.Ne2d4 e2
60.Kd2 Qf3f2
61.Qd8e8 e1Q
62.Kd3 Qf2d2
63.Kc4 Rd5c5
{ resign }
0-1

[Event "Match"]
[Site "www.echecsemail.com"]
[Date "2016.07.04"]
[Round "1"]
[White "Krystek23"]
[Black "Tonino1"]
[WhiteElo "2250"]
[BlackElo "2250"]
[Result "1-0"]
[Round "1"]
1.c4 Ng8f6
2.Nb1c3 g6
3.Ng1f3 Bf8g7
4.e4 d6
5.h3 O-O
6.d4 e5
7.d5 a5
8.Bc1g5 h6
9.Bg5e3 Nb8a6
10.Qd1d2 Kh7
11.Bf1d3 b6
12.a3 Na6c5
13.Bd3c2 Nf6e8
14.O-O f5
15.Be3xc5 bxc5
16.Nc3a2 f4
17.Na2c3 g5
18.Bc2a4 h5
19.Nf3h2 g4
20.hxg4 hxg4
21.g3 Bg7h6
22.Qd2c2 f3
23.Ba4c6 Ra8a6
24.Bc6b5 Ra6a7
25.Nc3a2 Ne8f6
26.Bb5c6 Bc8d7
27.Qc2a4 Bd7xc6
28.Qa4xc6 Rf8f7
29.Qc6a4 Qd8d7
30.Qa4c2 Kg6
31.Qc2d3 Bh6g5
32.b4 Rf7h7
33.Nh2xf3 gxf3
34.Qd3xf3 Qd7h3
35.Qf3f5 Qh3xf5
36.exf5 Kxf5
37.bxc5 dxc5
38.Kg2 Ra7a8
39.Rf1h1 Ra8h8
40.Rh1xh7 Rh8xh7
41.Na2c3 e4
42.Ra1d1 Ke5
43.a4 Nf6g4
44.Rd1e1 Ng4f6
45.f4 Kd4
46.fxg5 Kxc3
47.gxf6 Kxc4
48.d6 cxd6
49.Re1xe4 Kd5
50.Re4e7 Rh7h6
51.f7 Rh6f6
52.g4 { resign }
1-0

[Event "1/128 Finale"]
[Site "www.chess-mail.com"]
[Date "2016.07.04"]
[Round "1"]
[White "Bluetealeaf"]
[Black "Jhzes"]
[WhiteElo "1670"]
[BlackElo "1809"]
[Result "1-0"]
[Round "1"]
1.e4 e6
2.Ng1f3 c5
3.c4 Nb8c6
4.a3 d6
5.Bf1d3 Bf8e7
6.Qd1e2 Be7f6
7.Nb1c3 Ng8e7
8.g4 Nc6d4
9.Nf3xd4 cxd4
10.Nc3b5 a6
11.Nb5c3 dxc3
12.dxc3 Ne7c6
13.Bc1f4 e5
14.Bf4g3 b6
15.b4 Bc8b7
16.a4 O-O
17.h4 Qd8e7
18.g5 Bf6xg5
19.hxg5 Qe7xg5
20.Qe2f3 Qg5e7
21.Qf3h5 h6
22.Qh5g4 Bb7c8
23.Qg4f3 Bc8e6
24.Bg3h4 g5
25.Qf3g3 f5
26.O-O-O f4
27.Qg3g2 Qe7g7
28.Rd1g1 Rf8f7
29.Bh4xg5 hxg5
30.f3 Kf8
31.Rh1h5 Ke7
32.Rh5xg5 Qg7f6
33.Qg2h2 Ra8h8
34.Qh2f2 Be6d7
35.Rg5g6 Qf6h4
36.Qf2xb6 Rf7f8
37.Rg6g7 Rf8f7
38.Rg7g6 Bd7e8
39.Qb6c7 Kf8
40.Qc7xd6 Nc6e7
41.c5 Be8xa4
42.b5 Ke8
43.Qd6b8 Kd7
44.Rg6d6 { resign }
1-0

[Event "1/8 Finale"]
[Site "www.chess-mail.com"]
[Date "2016.07.04"]
[Round "1"]
[White "George1955"]
[Black "Mrfunk"]
[WhiteElo "2740"]
[BlackElo "2520"]
[Result "1-0"]
[Round "1"]
1.e4 c5
2.Ng1f3 d6
3.d4 cxd4
4.Nf3xd4 Ng8f6
5.Nb1c3 a6
6.Bc1e3 Nf6g4
7.Be3g5 h6
8.Bg5h4 g5
9.Bh4g3 Bf8g7
10.h3 Ng4e5
11.Qd1d2 Nb8c6
12.O-O-O Nc6xd4
13.Qd2xd4 Bc8e6
14.Kb1 Qd8a5
15.Nc3d5 Ra8c8
16.f3 Qa5c5
17.Qd4xc5 Rc8xc5
18.Bg3f2  { time }
1-0